|
|
|
|
| LEADER |
00000nam0a2200000 4500 |
| 001 |
209850 |
| 005 |
20231031191906.0 |
| 035 |
|
|
|a (RuTPU)RU\TPU\book\229201
|
| 090 |
|
|
|a 209850
|
| 100 |
|
|
|a 20120216d1970 k y0rusy50 ca
|
| 101 |
0 |
|
|a rus
|
| 102 |
|
|
|a RU
|
| 105 |
|
|
|a a z 001zy
|
| 200 |
1 |
|
|a Дискретные автоматы и сети связи
|f Академия наук СССР (АН СССР), Институт проблем передачи информации (ИППИ) ; под ред. В. Г. Лазарева
|
| 210 |
|
|
|a Москва
|c Наука
|d 1970
|
| 215 |
|
|
|a 190 с.
|c ил.
|
| 320 |
|
|
|a Библиогр.: с. 182-184.
|
| 320 |
|
|
|a Библиография в конце статей
|
| 610 |
1 |
|
|a автоматы
|
| 610 |
1 |
|
|a дискретные автоматы
|
| 610 |
1 |
|
|a теория
|
| 610 |
1 |
|
|a сети связи
|
| 610 |
1 |
|
|a информация
|
| 610 |
1 |
|
|a передача
|
| 675 |
|
|
|a 621.01-507
|v 3
|
| 675 |
|
|
|a 621.391
|v 3
|
| 702 |
|
1 |
|a Лазарев
|b В. Г.
|4 340
|
| 712 |
0 |
2 |
|a Академия наук СССР (АН СССР)
|b Институт проблем передачи информации (ИППИ)
|c (Москва)
|2 stltpush
|3 (RuTPU)RU\TPU\col\12444
|
| 801 |
|
1 |
|a RU
|b 63413507
|c 20120216
|
| 801 |
|
2 |
|a RU
|b 63413507
|c 20190904
|g RCR
|
| 942 |
|
|
|c BK
|